Catálogo público

Archivos do Instituto Biológico de Defesa Agricola e Animal (Record no. 77928)

MARC details
000 -CABECERA
campo de control de longitud fija 01077cas a22002897ar4500
005 - FECHA Y HORA DE LA ÚLTIMA TRANSACCIÓN
campo de control 20220329142052.0
008 - DATOS DE LONGITUD FIJA--INFORMACIÓN GENERAL
campo de control de longitud fija 990521d1928 br ar pernn 0 uub0por d
010 ## - NÚMERO DE CONTROL DE LA BIBLIOTECA DEL CONGRESO
Número de control de LC 77928
011 ## - ENLACE DEL NUMERO DE CONTROL DE LA BIBLIOTECA DEL CONGRESO [OBSOLETO]
Número de control de LC 78900
035 ## - NÚMERO DE CONTROL DEL SISTEMA
Número de control de sistema 89002
245 00 - MENCIÓN DE TÍTULO
Título Archivos do Instituto Biológico de Defesa Agricola e Animal
Mención de responsabilidad, etc. /par Secretaria da Agricultura, Industria e Commercio. Instituto Biologico
260 0# - PUBLICACIÓN, DISTRIBUCIÓN, ETC.
Lugar de publicación, distribución, etc. Sao Paulo, Brasil :
Nombre del editor, distribuidor, etc. Secretaria da Agricultura, Industria e Commercio. Instituto Biologico,
Fecha de publicación, distribución, etc. 1928-
300 ## - DESCRIPCIÓN FÍSICA
Extensión v.
310 ## - PERIODICIDAD ACTUAL
Periodicidad actual Anual
362 1# - FECHAS DE PUBLICACIÓN Y/O DESIGNACIÓN SECUENCIAL
Fecha de publicación y/o designación secuencial v.4, 1931
500 ## - NOTA GENERAL
Nota general Contiene resúmenes en inglés
500 ## - NOTA GENERAL
Nota general Se dejó de recibir a partir del v.4, 1931
590 ## - NOTA LOCAL (RLIN)
Nota local BATCH-UPD
Procedencia (VM) [OBSOLETO] 10
Condición del los carretes individuales (VM) [OBSOLETO] 20130110
-- UCH01
-- 0426
590 ## - NOTA LOCAL (RLIN)
Nota local BATCH-UPD
Procedencia (VM) [OBSOLETO] 10
Condición del los carretes individuales (VM) [OBSOLETO] 20130410
-- UCH01
-- 0102
590 ## - NOTA LOCAL (RLIN)
Nota local BATCH-UPD
Procedencia (VM) [OBSOLETO] 10
Condición del los carretes individuales (VM) [OBSOLETO] 20130913
-- UCH01
-- 2128
590 ## - NOTA LOCAL (RLIN)
Nota local CONVERSION
Procedencia (VM) [OBSOLETO] 10
Condición del los carretes individuales (VM) [OBSOLETO] 20130109
-- UCH01
-- 1343
650 14 - PUNTO DE ACCESO ADICIONAL DE MATERIA--TÉRMINO DE MATERIA
Término de materia o nombre geográfico como elemento de entrada Agricultura
Subdivisión geográfica Brasil
Subdivisión general Publicaciones periódicas.
9 (RLIN) 1917
785 ## - ENTRADA/ENLACE A UN TÍTULO POSTERIOR
Título Arquivos do Instituto Biológico
866 ## - MENCIÓN TEXTUAL DE FONDOS--UNIDAD BIBLIOGRÁFICA BÁSICA
Cadena textual v.1-4 (1928-1931)
901 ## - ELEMENTOS DE DATOS A LOCAL LDA (RLIN)
a SE
905 ## - ELEMENTOS DE DATOS E LOCAL, LDE (RLIN)
a Ma. del Socorro Iturbe C.

No items available.